Search the Library Catalogue
| 000 -LEADER | |
|---|---|
| fixed length control field | 00579nam a2200169Ia 4500 |
| 008 - FIXED-LENGTH DATA ELEMENTS--GENERAL INFORMATION | |
| fixed length control field | 250721s9999 xx 000 0 und d |
| 020 ## - INTERNATIONAL STANDARD BOOK NUMBER | |
| ISBN | 9780521022484 |
| 082 ## - DEWEY DECIMAL CLASSIFICATION NUMBER | |
| Classification number | 942.0360924 |
| Item number | HAI |
| 100 ## - MAIN ENTRY--AUTHOR NAME | |
| Personal name | Haines, Roy Martin |
| 245 #4 - TITLE STATEMENT | |
| Title | The Church and Politics in Fourteenth-century England |
| 260 ## - PUBLICATION, DISTRIBUTION, ETC. (IMPRINT) | |
| Name of publisher | Cambridge University Press |
| Year of publication | 1978 |
| 300 ## - PHYSICAL DESCRIPTION | |
| Number of Pages | 326 pages |
| 500 ## - GENERAL NOTE | |
| General note | This book offers an analysis of the role played by Adam Orleton, promoted successively Bishop of Hereford, Worcester and Winchester. |
| 650 ## - SUBJECT ADDED ENTRY--TOPICAL TERM | |
| Topical Term | Bishops |
| 942 ## - ADDED ENTRY ELEMENTS (KOHA) | |
| Koha item type | English Books |
| Withdrawn status | Lost status | Damaged status | Not for loan | Home library | Current library | Shelving location | Date acquired | Full call number | Accession Number | Price effective from | Koha item type |
|---|---|---|---|---|---|---|---|---|---|---|---|
| Anna Centenary Library | Anna Centenary Library | 7TH FLOOR, B WING | 21.07.2025 | 942.0360924 HAI | 236279 | 21.07.2025 | English Books |